000 00616cam a22002291 4500
001 sa 67004686
003 DLC
005 20260227112350.0
008 900221s1966 ii c 000 0 sano
010 _asa 67004686
035 _a(OCoLC)21104513
040 _aDLC
_cWaU
_dDLC
041 0 _asanhin
042 _apremarc
050 0 0 _aPK3791.B4
_bM2 1966
100 0 _aBhāsa.
245 1 0 _aMadhyamavyāyoga.
260 _c[1966]
300 _a2, 80, 140 p.
_bport.
_c18 cm.
500 _aHindi and Sanskrit; commentary in Sanskrit; introductory matter and notes in Hindi.
700 1 _aPant, Mohandev,
_d1905-
999 _c74690
_d74690